[Event "51st World Juniors"]
[Site "Athens GRE"]
[Date "2012.08.10"]
[Round "8.14"]
[White "Oparin, Grigoriy"]
[Black "Aghayev, Miragha"]
[Result "1-0"]
[WhiteTitle "IM"]
[WhiteElo "2488"]
[BlackElo "2187"]
[WhiteFideId "24125890"]
[BlackFideId "818070"]
[EventDate "2012.08.02"]

1. e4 e5 2. Nf3 Nc6 3. Bb5 Nf6 4. d3 Bc5 5. O-O d6 6. c3 O-O 7. Nbd2 a6 8. Ba4
b5 9. Bb3 Bb6 10. h3 Ne7 11. Re1 Ng6 12. Nf1 Bb7 13. Ng3 Re8 14. Nh2 d5 15. Ng4
Nxg4 16. Qxg4 c5 17. Bxd5 Bxd5 18. exd5 Qxd5 19. h4 Ra7 20. h5 Nf8 21. Bh6 f6
22. Nf5 g5 23. Bxg5 fxg5 24. Qxg5+ Kf7 25. c4 1-0

[Event "51st World Juniors"]
[Site "Athens GRE"]
[Date "2012.08.10"]
[Round "8.15"]
[White "Kovalev, Vladislav"]
[Black "Soors, Stef"]
[Result "1-0"]
[WhiteTitle "IM"]
[BlackTitle "FM"]
[WhiteElo "2485"]
[BlackElo "2364"]
[WhiteFideId "13504398"]
[BlackFideId "209511"]
[EventDate "2012.08.02"]

1. e4 c6 2. d4 d5 3. Nc3 dxe4 4. Nxe4 Bf5 5. Ng3 Bg6 6. h4 h6 7. Nf3 Nd7 8. h5
Bh7 9. Bd3 Bxd3 10. Qxd3 e6 11. Bd2 Ngf6 12. O-O-O Be7 13. Ne4 Nxe4 14. Qxe4 Nf6
15. Qe2 Qd5 16. c4 Qe4 17. Qxe4 Nxe4 18. Be3 Nd6 19. b3 b5 20. c5 Ne4 21. Kc2
Nf6 22. Ne5 Rc8 23. a4 a6 24. axb5 axb5 25. Ra1 Nd5 26. Ra7 O-O 27. Rha1 Bf6 28.
Nd7 Rfe8 29. Rb7 e5 30. Raa7 exd4 31. Nxf6+ gxf6 32. Bd2 Ra8 33. Kd3 Rxa7 34.
Rxa7 Kg7 35. Ra6 Re6 36. Kxd4 Ne7 37. Bf4 Nd5 38. Bd2 Ne7 39. Ra7 Re5 40. g4
Rd5+ 41. Ke3 Re5+ 42. Kf3 Nd5 43. Rd7 f5 44. g5 hxg5 45. Bxg5 Re1 46. h6+ Kg6
47. Rd8 Rg1 48. Bd2 Kh7 49. Ke2 Rg8 50. Rd6 Rg6 51. Kd3 f4 52. Rxd5 cxd5 53.
Bxf4 Re6 54. Be3 f5 55. Bf4 Kg6 56. f3 Ra6 57. Kd4 Ra3 58. c6 Rxb3 59. c7 Rb4+
60. Kxd5 Rc4 61. Bd6 1-0

[Event "51st World Juniors"]
[Site "Athens GRE"]
[Date "2012.08.10"]
[Round "8.16"]
[White "Ghosh, Diptayan"]
[Black "Shyam, Nikil P."]
[Result "1/2-1/2"]
[WhiteTitle "FM"]
[BlackTitle "IM"]
[WhiteElo "2417"]
[BlackElo "2484"]
[WhiteFideId "5045207"]
[BlackFideId "5024218"]
[EventDate "2012.08.02"]

1. c4 e5 2. g3 Nf6 3. Bg2 d5 4. cxd5 Nxd5 5. Nc3 Nb6 6. Nf3 Nc6 7. O-O Be7 8. a3
a5 9. d3 Be6 10. Be3 Nd5 11. Nxd5 Bxd5 12. Qa4 O-O 13. Rac1 Qb8 14. Nd2 Bxg2 15.
Kxg2 Rd8 16. Nf3 Bd6 17. Rc2 Ne7 18. Rfc1 Nd5 19. Bc5 c6 20. Bxd6 Qxd6 21. Rc5
Nb6 22. Qb3 Nd7 23. R5c2 Qc7 24. Rc4 Nb6 25. Rc5 Nd7 26. R5c4 Nb6 27. Rc5 Nd7
28. Ng1 1/2-1/2

[Event "51st World Juniors"]
[Site "Athens GRE"]
[Date "2012.08.10"]
[Round "8.17"]
[White "Hambleton, Aman"]
[Black "Baron, Tal"]
[Result "1-0"]
[WhiteTitle "FM"]
[BlackTitle "GM"]
[WhiteElo "2244"]
[BlackElo "2451"]
[WhiteFideId "2606577"]
[BlackFideId "2809958"]
[EventDate "2012.08.02"]

1. d4 Nf6 2. c4 e6 3. Nc3 Bb4 4. Qc2 d5 5. a3 Bxc3+ 6. Qxc3 Ne4 7. Qc2 c5 8.
dxc5 Nc6 9. e3 Qa5+ 10. Bd2 Qxc5 11. b4 Qe7 12. Nf3 Nxd2 13. Qxd2 O-O 14. cxd5
Rd8 15. Be2 Rxd5 16. Qb2 b6 17. O-O Bb7 18. Rac1 Rad8 19. Rc2 e5 20. b5 Na5 21.
Rfc1 f6 22. h3 R5d6 23. Nd2 f5 24. Nc4 Rg6 25. Bf1 Nxc4 26. Rxc4 Qg5 27. Qxe5 h5
28. h4 Qh6 29. Rc7 Be4 30. Rc8 Rd6 31. Bc4+ Kh7 32. Bf7 Rxc8 33. Rxc8 Rd1+ 34.
Kh2 Qd6 35. Qxd6 Rxd6 36. Bxh5 Rd2 37. Kg3 Rb2 38. Rc7 f4+ 39. Kxf4 Bxg2 40. Kg3
Bf1 41. Be8 a6 42. bxa6 Bxa6 43. h5 Bd3 44. Rc6 b5 45. Bg6+ Bxg6 46. Rxg6 Rb3
47. Rg5 Kh6 48. Rc5 Kh7 49. Kg4 Rb1 50. e4 Rb3 51. e5 1-0

[Event "51st World Juniors"]
[Site "Athens GRE"]
[Date "2012.08.10"]
[Round "8.18"]
[White "Rombaldoni, Axel"]
[Black "Baghdasaryan, Vahe"]
[Result "1/2-1/2"]
[WhiteTitle "IM"]
[BlackTitle "IM"]
[WhiteElo "2494"]
[BlackElo "2368"]
[WhiteFideId "815837"]
[BlackFideId "13303139"]
[EventDate "2012.08.02"]

1. d4 d5 2. c4 c6 3. Nf3 Nf6 4. Nc3 dxc4 5. a4 Bf5 6. e3 e6 7. Bxc4 Bb4 8. O-O
O-O 9. Qe2 Nbd7 10. e4 Bg6 11. Bd3 c5 12. Na2 Ba5 13. Bg5 h6 14. Bh4 Bc7 15.
Rad1 e5 16. dxe5 Nxe5 17. Bb1 Qe7 18. Nc3 Qe6 19. Nd5 Nxd5 20. exd5 Qg4 21. Bg3
Bxb1 22. Bxe5 Bxe5 23. Rxb1 Bd6 24. b3 Qh5 25. Qd3 Rad8 26. Rbd1 Rd7 27. g3 Rfd8
28. Nh4 Be5 29. Ng2 Bd4 30. Nf4 Qe5 31. Rfe1 Qf6 32. Re2 g5 33. Nh5 Qg6 34.
Qxg6+ fxg6 35. Rxd4 cxd4 36. Nf6+ Kf7 37. Nxd7 Rxd7 38. Re5 g4 39. Kf1 Re7 40.
Re2 h5 41. Rd2 Re4 42. Kg2 Kf6 43. f3 gxf3+ 44. Kxf3 Re3+ 45. Kf2 Re4 46. d6 g5
47. Kf3 1/2-1/2

[Event "51st World Juniors"]
[Site "Athens GRE"]
[Date "2012.08.10"]
[Round "8.19"]
[White "Firat, Burak"]
[Black "Shyam, Sundar M."]
[Result "0-1"]
[WhiteTitle "IM"]
[BlackTitle "IM"]
[WhiteElo "2423"]
[BlackElo "2486"]
[WhiteFideId "6305881"]
[BlackFideId "5019141"]
[EventDate "2012.08.02"]

1. e4 c5 2. Nf3 d6 3. d4 cxd4 4. Nxd4 Nf6 5. Nc3 a6 6. Bg5 e6 7. f4 Qc7 8. Bxf6
gxf6 9. Qd2 Bd7 10. O-O-O Nc6 11. Kb1 h5 12. Bc4 O-O-O 13. Bb3 Kb8 14. Rhf1 Nxd4
15. Qxd4 Be7 16. f5 Rdg8 17. Qf2 Qa5 18. Ne2 Qe5 19. Nf4 Bc8 20. Qd2 Rg4 21. h3
Rg5 22. Qb4 Bf8 23. Nd3 Qb5 24. Qc3 Be7 25. Nf4 Qe5 26. Qb4 Bf8 27. Nd3 Qb5 28.
Qd2 exf5 29. exf5 Bxf5 30. Nf4 Be4 31. Bxf7 f5 32. Bb3 Rg3 33. Rf2 Qe5 34. Bd5
Bh6 35. Qb4 Rh7 36. Bxe4 fxe4 37. Nxh5 Qxh5 0-1

[Event "51st World Juniors"]
[Site "Athens GRE"]
[Date "2012.08.10"]
[Round "8.20"]
[White "Indjic, Aleksandar"]
[Black "Ivekovic, Zvonimir"]
[Result "1-0"]
[WhiteTitle "IM"]
[WhiteElo "2481"]
[BlackElo "2320"]
[WhiteFideId "911925"]
[BlackFideId "14511320"]
[EventDate "2012.08.02"]

1. d4 Nf6 2. c4 c5 3. d5 g6 4. Nc3 Bg7 5. e4 d6 6. Bd3 O-O 7. Nf3 e6 8. O-O Na6
9. h3 e5 10. Bg5 h6 11. Be3 Nh7 12. Qd2 f5 13. exf5 gxf5 14. Bxh6 e4 15. Bxg7
Kxg7 16. Nxe4 fxe4 17. Bxe4 Bf5 18. Rae1 Rc8 19. Bxf5 Rxf5 20. Re4 Nc7 21. Rg4+
Kh8 22. Nh4 Rg5 23. Qc3+ Kg8 24. Nf5 Qf8 25. Qf3 Rxg4 26. Qxg4+ Kh8 27. Ne7 Qxe7
28. Qxc8+ Ne8 29. f4 Qe3+ 30. Kh2 Nf6 31. Qe6 Qd2 32. b3 Qxa2 33. Rf3 Qd2 34.
Qe3 Qb2 35. Rf2 Qa1 36. g4 Ng7 37. g5 Nfh5 38. f5 Qb1 39. f6 Nf5 40. Qe8+ 1-0

[Event "51st World Juniors"]
[Site "Athens GRE"]
[Date "2012.08.10"]
[Round "8.21"]
[White "De Filomeno, Simone"]
[Black "Urkedal, Frode"]
[Result "0-1"]
[WhiteTitle "FM"]
[BlackTitle "IM"]
[WhiteElo "2358"]
[BlackElo "2473"]
[WhiteFideId "828688"]
[BlackFideId "1506102"]
[EventDate "2012.08.02"]

1. e4 e5 2. Nf3 Nc6 3. Bb5 a6 4. Ba4 Nf6 5. O-O Bc5 6. d3 b5 7. Bb3 d6 8. c3 O-O
9. Nbd2 Bb6 10. Re1 Ne7 11. Nf1 Ng6 12. Be3 c5 13. Ng3 h6 14. d4 Ng4 15. d5 c4
16. Bc2 Nxe3 17. fxe3 a5 18. Kh1 Ne7 19. Nd2 Ba6 20. Qh5 Kh7 21. Nf5 Ng8 22. Qe2
g6 23. Ng3 Rc8 24. Rf1 Qg5 25. Rf3 h5 26. Nxh5 gxh5 27. Rg3 Qh6 28. Rf1 h4 29.
Rh3 Ne7 30. Qg4 Ng6 31. Rf5 Kg8 32. Rh5 Qg7 33. Nf3 Bd8 34. Ng5 Rc7 35. R3xh4
Bc8 36. Qg3 Nxh4 37. Qxh4 f6 38. Rh7 fxg5 39. Rxg7+ Kxg7 40. Qe1 Rcf7 41. Kg1
Bb6 42. h3 Rf1+ 0-1

[Event "51st World Juniors"]
[Site "Athens GRE"]
[Date "2012.08.10"]
[Round "8.22"]
[White "Hansen, Eric"]
[Black "Kigel, Dmytro"]
[Result "1-0"]
[WhiteTitle "IM"]
[BlackTitle "FM"]
[WhiteElo "2472"]
[BlackElo "2276"]
[WhiteFideId "2606771"]
[BlackFideId "14117932"]
[EventDate "2012.08.02"]

1. e4 e5 2. Nf3 Nc6 3. Bb5 a6 4. Ba4 Nf6 5. O-O Be7 6. Re1 b5 7. Bb3 d6 8. c3
O-O 9. h3 Nb8 10. d4 Nbd7 11. a4 Bb7 12. Bc2 c5 13. b3 Re8 14. d5 c4 15. bxc4
bxa4 16. Be3 Qc7 17. Nbd2 Reb8 18. Qc1 Nc5 19. Qa3 Nfd7 20. Reb1 Bc8 21. Bxa4
Nxa4 22. Qxa4 g6 23. Nb3 f5 24. c5 Nf6 25. Nxe5 dxe5 26. d6 Bxd6 27. cxd6 Qxd6
28. Rd1 Qc7 29. exf5 Bxf5 30. Nc5 Re8 31. Rd2 a5 32. Rad1 Qf7 33. Rd6 Be6 34.
Qh4 a4 35. Nxa4 Nd5 36. Nc5 Nxc3 37. R1d2 Nd5 38. Nxe6 Nxe3 39. fxe3 Ra1+ 40.
Kh2 Qf1 41. Qh6 Qg1+ 42. Kg3 Qe1+ 43. Rf2 Ra7 44. Rd1 Qb4 45. Rdf1 1-0

[Event "51st World Juniors"]
[Site "Athens GRE"]
[Date "2012.08.10"]
[Round "8.23"]
[White "Andersen, Mads"]
[Black "Codenotti, Marco"]
[Result "1-0"]
[WhiteTitle "IM"]
[BlackTitle "FM"]
[WhiteElo "2464"]
[BlackElo "2314"]
[WhiteFideId "1413864"]
[BlackFideId "800015"]
[EventDate "2012.08.02"]

1. d4 Nf6 2. c4 g6 3. Nc3 d5 4. Nf3 Bg7 5. Qb3 dxc4 6. Qxc4 O-O 7. e4 a6 8. Be2
b5 9. Qb3 Nc6 10. e5 Be6 11. exf6 Bxb3 12. fxg7 Kxg7 13. axb3 Nxd4 14. Nxd4 Qxd4
15. O-O Qb4 16. Bf3 Qxb3 17. Re1 e6 18. Ne4 c6 19. Bg5 f6 20. Nc5 Qxb2 21. Nxe6+
Kf7 22. Nxf8 fxg5 23. Nd7 Re8 24. Reb1 Qd4 25. Rd1 Qf4 26. Nc5 b4 27. Bxc6 Re2
28. Rd7+ Re7 29. Bd5+ Ke8 30. Ne6 Kxd7 31. Nxf4 gxf4 32. Bc4 a5 33. Rxa5 Re1+
34. Bf1 Kc6 35. Ra2 Rb1 36. f3 b3 37. Ra4 b2 38. Rb4 Kc5 39. Rb3 Kd4 40. Kf2 g5
41. h3 h5 42. Bb5 h4 43. Be8 Rd1 44. Rxb2 Kc3 45. Re2 Rd2 46. Rxd2 Kxd2 47. Bb5
Kd1 48. Bc4 Kd2 49. Be2 Kc1 50. Ke1 Kc2 51. Bb5 1-0

[Event "51st World Juniors"]
[Site "Athens GRE"]
[Date "2012.08.10"]
[Round "8.24"]
[White "Gao, Rui"]
[Black "Aravindh, Chithambaram VR."]
[Result "0-1"]
[WhiteTitle "IM"]
[BlackTitle "FM"]
[WhiteElo "2442"]
[BlackElo "2240"]
[WhiteFideId "8602387"]
[BlackFideId "5072786"]
[EventDate "2012.08.02"]

1. Nf3 c5 2. c4 Nc6 3. Nc3 Nf6 4. e3 e6 5. d4 cxd4 6. exd4 d5 7. Bg5 Be7 8. c5
Ne4 9. Bxe7 Qxe7 10. Bb5 Nxc3 11. bxc3 Bd7 12. O-O O-O 13. Rb1 f6 14. Re1 Rab8
15. Qc2 Qf7 16. Re3 b6 17. Bd3 g6 18. cxb6 Rxb6 19. Rxb6 axb6 20. Nh4 Rc8 21.
Qb1 e5 22. dxe5 fxe5 23. Bb5 e4 24. Bxc6 Rxc6 25. g3 Qf6 26. Qe1 Be6 27. Ng2 Bf7
28. Nf4 b5 29. Qd2 Rc4 30. Ne2 b4 31. h4 Qe5 32. f4 Qd6 33. cxb4 Qb6 34. Kh2
Rxb4 35. Qc3 Rb2 36. h5 gxh5 37. f5 d4 38. Qc8+ Kg7 39. Rxe4 Qf6 40. Kh3 d3 41.
Nf4 d2 42. Nxh5+ Bxh5 43. Qd7+ Kh6 44. Re6 Kg5 45. Qa4 Qxf5+ 0-1

[Event "51st World Juniors"]
[Site "Athens GRE"]
[Date "2012.08.10"]
[Round "8.25"]
[White "Kleinman, Michael"]
[Black "Barbosa, Evandro Amorim"]
[Result "0-1"]
[WhiteTitle "FM"]
[BlackTitle "IM"]
[WhiteElo "2330"]
[BlackElo "2436"]
[WhiteFideId "2609479"]
[BlackFideId "2115824"]
[EventDate "2012.08.02"]

1. Nf3 c5 2. c4 Nc6 3. Nc3 e5 4. e3 Nf6 5. d4 cxd4 6. exd4 e4 7. Ne5 Bd6 8. c5
Bb8 9. Nc4 d5 10. cxd6 O-O 11. Bf4 Na5 12. Ne3 Bxd6 13. Bxd6 Qxd6 14. d5 Bd7 15.
Qd2 Rac8 16. Be2 Rfe8 17. O-O b6 18. Rfd1 h5 19. Qd4 Bg4 20. Bxg4 hxg4 21. b4
Nb7 22. Nb5 Qb8 23. Qb2 Nd6 24. Nd4 Nc4 25. Nxc4 Rxc4 26. Nc6 Qd6 27. Qb3 b5 28.
Qg3 Qxg3 29. fxg3 a6 30. a4 e3 31. axb5 axb5 32. Rd4 Rxd4 33. Nxd4 Nxd5 34. Kf1
Re4 35. Nxb5 e2+ 36. Ke1 Nxb4 37. Kd2 Nc2 38. Re1 Nxe1 39. Kxe1 Re5 40. Nd4 Rh5
41. Kxe2 Rxh2 42. Kf2 g6 43. Nc2 Kg7 44. Ne3 f5 45. Kf1 Rh1+ 46. Kf2 Ra1 47. Nf1
Ra2+ 48. Kg1 Re2 49. Kh1 Kf6 50. Kg1 Ke5 51. Kh1 Kd4 52. Kg1 Kd3 53. Kh1 Ra2 0-1

[Event "51st World Juniors"]
[Site "Athens GRE"]
[Date "2012.08.10"]
[Round "8.26"]
[White "Zhou, Yang-Fan"]
[Black "Stathopoulos, Ioannis"]
[Result "0-1"]
[WhiteTitle "IM"]
[WhiteElo "2430"]
[BlackElo "2216"]
[WhiteFideId "468584"]
[BlackFideId "4223098"]
[EventDate "2012.08.02"]

1. e4 c5 2. Nf3 d6 3. Nc3 Nf6 4. d4 cxd4 5. Nxd4 a6 6. h3 g6 7. g4 Bg7 8. Bg2
O-O 9. Be3 Nc6 10. Qd2 Be6 11. f4 Rc8 12. O-O Nxd4 13. Bxd4 Rc4 14. Be3 b5 15.
a3 a5 16. f5 Bc8 17. g5 Nh5 18. Nxb5 Ng3 19. Qd3 Nxf1 20. Rxf1 d5 21. exd5 Rh4
22. d6 Bxf5 23. Rxf5 gxf5 24. d7 Qb8 25. Ba7 Qd8 26. b3 Re4 27. c4 Re1+ 28. Kf2
Rc1 29. Be3 Ra1 30. Bc6 f4 31. Ba7 e6 32. h4 h6 33. Bc5 hxg5 34. Bxf8 Bxf8 35.
Kf3 g4+ 36. Ke4 Re1+ 37. Kxf4 Qf6+ 38. Kxg4 Rg1+ 39. Kh3 Be7 40. Qd4 Qf5+ 41.
Kh2 Rg4 42. d8=Q+ Bxd8 43. Qxd8+ Kg7 44. Qd2 Qe5+ 45. Kh1 Qa1+ 0-1

[Event "51st World Juniors"]
[Site "Athens GRE"]
[Date "2012.08.10"]
[Round "8.27"]
[White "Kilpatrick, Callum"]
[Black "Dimitrov, Radoslav"]
[Result "1-0"]
[WhiteTitle "FM"]
[BlackTitle "IM"]
[WhiteElo "2326"]
[BlackElo "2424"]
[WhiteFideId "414425"]
[BlackFideId "2908549"]
[EventDate "2012.08.02"]

1. e4 Nc6 2. Nf3 Nf6 3. e5 Nd5 4. d4 d6 5. c4 Nb6 6. e6 fxe6 7. Nc3 g6 8. h4 Bg7
9. Be3 d5 10. c5 Nd7 11. h5 Nf8 12. Bb5 Bd7 13. Qe2 b6 14. O-O-O a6 15. Bxc6
Bxc6 16. hxg6 Nxg6 17. Ng5 Qd7 18. Rxh7 Rxh7 19. Nxh7 O-O-O 20. Qxa6+ Bb7 21.
Qd3 Nh4 22. cxb6 c5 23. dxc5 d4 24. Nb5 e5 25. Bxd4 Bh6+ 26. Kb1 exd4 27. Na7+
Kb8 28. Qg3+ e5 29. Qxe5+ Ka8 30. Nf6 Qf5+ 31. Qxf5 Nxf5 32. c6 Rd6 33. Ne4 Rxc6
34. Nxc6 Bxc6 35. Nc5 Bf8 36. Ne6 Bb4 37. Nxd4 Bxg2 38. Nxf5 Be4+ 39. Kc1 Bxf5
40. Rd4 Be7 41. a4 Kb7 42. a5 Bf6 43. Rb4 Bd3 44. Kd2 Ba6 45. Ke3 Bf1 46. Ke4
Bh8 47. Kd5 Bg2+ 48. Kd6 Bg7 49. Ke7 Bf3 50. Rf4 Be2 51. Rb4 Bf3 52. Ke6 Ka6 53.
Rf4 Bb7 54. b4 Bc3 55. Rc4 Be1 56. f4 Bg3 57. f5 Kb5 58. Rc7 Be4 59. f6 1-0

[Event "51st World Juniors"]
[Site "Athens GRE"]
[Date "2012.08.10"]
[Round "8.28"]
[White "Kanarek, Marcel"]
[Black "Kourkoulos-Arditis, Stamatis"]
[Result "1-0"]
[WhiteTitle "IM"]
[WhiteElo "2487"]
[BlackElo "2109"]
[WhiteFideId "1126822"]
[BlackFideId "4221990"]
[EventDate "2012.08.02"]

1. e4 c5 2. Nf3 e6 3. d4 cxd4 4. Nxd4 Nf6 5. Nc3 d6 6. g4 h6 7. h3 Nc6 8. Be3
Be7 9. Qd2 O-O 10. O-O-O Nxd4 11. Bxd4 e5 12. Be3 Be6 13. Kb1 Rc8 14. Bg2 a6 15.
f4 exf4 16. Bxf4 Qb6 17. g5 hxg5 18. Bxg5 Rfd8 19. Rhg1 Kf8 20. Nd5 Bxd5 21.
exd5 Rc4 22. Be3 Qc7 23. Bf1 Ne4 24. Qg2 Rb4 25. Qxg7+ Ke8 26. Bd4 Bf8 27. Qh8
Qe7 28. Bd3 Kd7 29. c3 Ra4 30. Rde1 f5 31. Qh5 Kc7 32. Qxf5 Nd2+ 33. Kc2 1-0

[Event "51st World Juniors"]
[Site "Athens GRE"]
[Date "2012.08.10"]
[Round "8.29"]
[White "Valsecchi, Alessio"]
[Black "Hernandez Sanchez, Jairo Andres"]
[Result "0-1"]
[WhiteTitle "IM"]
[BlackTitle "FM"]
[WhiteElo "2427"]
[BlackElo "2288"]
[WhiteFideId "818860"]
[BlackFideId "4404017"]
[EventDate "2012.08.02"]

1. d4 Nf6 2. c4 g6 3. Nf3 Bg7 4. Nc3 O-O 5. e4 d6 6. Be2 c5 7. dxc5 dxc5 8. Qxd8
Rxd8 9. Be3 b6 10. h3 Nc6 11. e5 Ne8 12. Bf4 Nc7 13. Bg3 Bf5 14. O-O Ne6 15.
Rfd1 Kf8 16. Nd5 Be4 17. Nc3 Bc2 18. Rdc1 Bf5 19. Re1 Ned4 20. Nxd4 Nxd4 21. Bd1
Bh6 22. Ne4 Bxe4 23. Rxe4 Nf5 24. Bf3 Nxg3 25. fxg3 Rab8 26. h4 Rd4 27. Re2 Rbd8
28. b3 e6 29. g4 Bf4 30. Rf1 Bg3 31. h5 Rd1 32. Re3 Rxf1+ 33. Kxf1 Rd2 34. a4
Ke7 35. Be2 Bf4 36. Re4 Bg5 37. g3 Kd7 38. Ke1 Rb2 39. Bd1 Bd2+ 40. Ke2 Bb4+ 41.
Kf3 Rd2 42. Be2 Bc3 43. Kf4 Ke7 44. g5 Rb2 45. Bd1 Rf2+ 46. Kg4 Rf5 47. Re2 Rxe5
48. Rxe5 Bxe5 49. Bc2 Kd6 50. Be4 a5 51. Bb7 Bh8 52. Ba6 Ke5 53. Bb5 Kd4 54. Be8
Kc3 55. Bxf7 gxh5+ 56. Kxh5 Kxb3 57. Kh6 Kxa4 58. Kxh7 Bd4 59. Bxe6 Kb3 60. Bg4
a4 61. Bd1+ Kb4 62. Bxa4 Kxa4 63. g6 b5 64. cxb5 Kxb5 65. g4 c4 66. g5 c3 67. g7
Bxg7 68. Kxg7 c2 69. g6 c1=Q 0-1

[Event "51st World Juniors"]
[Site "Athens GRE"]
[Date "2012.08.10"]
[Round "8.30"]
[White "Galopoulos, Nikolaos"]
[Black "Leiva, Giuseppe"]
[Result "0-1"]
[BlackTitle "FM"]
[WhiteElo "2402"]
[BlackElo "2283"]
[WhiteFideId "4208951"]
[BlackFideId "3804399"]
[EventDate "2012.08.02"]

1. d4 Nf6 2. c4 e6 3. g3 c5 4. Nf3 cxd4 5. Nxd4 Qb6 6. Bg2 Bc5 7. e3 Nc6 8. Nc2
d5 9. O-O dxc4 10. Nd2 c3 11. bxc3 O-O 12. Rb1 Qc7 13. Nb4 Bd7 14. Ba3 Na5 15.
Ne4 Nxe4 16. Bxe4 Bb5 17. Bd3 Rfd8 18. Bxb5 Rxd1 19. Rfxd1 a6 20. Be2 Bf8 21.
Bb2 g6 22. Nd3 Nc4 23. Ba1 Rd8 24. Bf3 Rxd3 25. Rxd3 Ne5 26. Be2 Nxd3 27. Bxd3
b5 28. c4 Qd6 29. Bf1 b4 30. Bd4 e5 31. c5 Qc7 32. Rxb4 exd4 33. exd4 Qa5 34.
Rc4 Kg7 35. c6 Bd6 36. Rc2 Bc7 37. Bg2 Qb4 38. Re2 Qxd4 39. Bf3 a5 40. Kg2 a4
41. h4 h5 42. Re4 Qc5 43. Re2 Bb6 44. Kh3 a3 45. Kg2 Kh6 46. Be4 f6 47. Rc2 Qd6
48. Bf3 Bc7 49. Rc1 Qe6 50. Rc2 g5 51. Re2 Qd6 52. hxg5+ fxg5 53. Be4 h4 54.
gxh4 gxh4 55. Bf3 h3+ 0-1

[Event "51st World Juniors"]
[Site "Athens GRE"]
[Date "2012.08.10"]
[Round "8.31"]
[White "Griffiths, Ryan Rhys"]
[Black "Minko, Vladimir"]
[Result "1/2-1/2"]
[WhiteTitle "FM"]
[WhiteElo "2362"]
[BlackElo "2257"]
[WhiteFideId "2502054"]
[BlackFideId "24146706"]
[EventDate "2012.08.02"]

1. e4 c5 2. Nc3 Nc6 3. Bb5 Nd4 4. Bc4 e6 5. Nge2 Nf6 6. O-O a6 7. a4 d5 8. exd5
exd5 9. Ba2 Bd6 10. d3 h6 11. Nxd4 cxd4 12. Ne2 Qb6 13. Bf4 Bxf4 14. Nxf4 O-O
15. Nxd5 Nxd5 16. Bxd5 Qxb2 17. Re1 Qc3 18. Rb1 Rb8 19. Bb3 b5 20. axb5 Rxb5 21.
Bc4 Rg5 22. h4 Rg4 23. Re5 Qa3 24. g3 Qd6 25. Qe2 Kh7 26. Bd5 f5 27. Bf3 Rg6 28.
Rd5 Qc7 29. Rxd4 f4 30. Rc4 Qf7 31. Rxc8 Rxc8 32. Be4 Kh8 33. Bxg6 Qxg6 34. Kh2
fxg3+ 35. fxg3 a5 36. Re1 a4 37. c4 Rd8 38. Rd1 a3 39. Qc2 Qf6 40. Qa2 Qc3 41.
Qd2 Qb3 1/2-1/2

[Event "51st World Juniors"]
[Site "Athens GRE"]
[Date "2012.08.10"]
[Round "8.32"]
[White "Aggelis, Nikolaos"]
[Black "Potpara, Nikola"]
[Result "1-0"]
[WhiteTitle "FM"]
[WhiteElo "2352"]
[BlackElo "2201"]
[WhiteFideId "4213220"]
[BlackFideId "910058"]
[EventDate "2012.08.02"]

1. Nf3 Nf6 2. c4 c5 3. g3 b6 4. Bg2 Bb7 5. O-O e6 6. Nc3 Be7 7. d4 cxd4 8. Qxd4
d6 9. Rd1 a6 10. Ng5 Bxg2 11. Kxg2 Nc6 12. Qf4 O-O 13. Nce4 Nxe4 14. Qxe4 Bxg5
15. Bxg5 Qxg5 16. Qxc6 Qe5 17. Rd2 Rab8 18. Rad1 h6 19. b3 d5 20. cxd5 exd5 21.
Qxd5 Qe7 22. Kg1 Rfd8 23. Qxd8+ Rxd8 24. Rxd8+ Kh7 25. R1d2 Qc5 26. R8d6 Qb5 27.
h4 Qc5 28. Kg2 Qb4 29. R6d4 Qb5 30. R2d3 h5 31. Rd5 Qc6 32. Kg1 g6 33. a4 Kg7
34. Rd6 Qc5 35. Kg2 a5 36. Rd7 Qc6+ 37. Kg1 Qe6 38. Kf1 Qh3+ 39. Kg1 Qe6 40. Kg2
Qc6+ 41. e4 Kg8 42. Re7 Kf8 43. Rdd7 f5 44. Rh7 Kg8 45. Rdg7+ Kf8 46. Rc7 Qxe4+
47. Kh2 Kg8 48. Rhe7 1-0

[Event "51st World Juniors"]
[Site "Athens GRE"]
[Date "2012.08.10"]
[Round "8.33"]
[White "Liodakis, Konstantinos-Spyros"]
[Black "Jacko, Vladimir2"]
[Result "1-0"]
[BlackTitle "FM"]
[WhiteElo "2130"]
[BlackElo "2349"]
[WhiteFideId "4217136"]
[BlackFideId "14915928"]
[EventDate "2012.08.02"]

1. d4 Nf6 2. Nf3 g6 3. c4 Bg7 4. g3 O-O 5. Bg2 c6 6. Nc3 d6 7. O-O Qa5 8. Bd2
Qh5 9. Re1 Na6 10. Bf4 Bh3 11. Bh1 h6 12. b4 Nc7 13. Qb3 Ng4 14. Rad1 e5 15.
dxe5 dxe5 16. Bc1 Ne6 17. Ne4 g5 18. c5 Qg6 19. Nd6 Kh8 20. e4 Qh5 21. Nf5 Bf6
22. Rd6 Rfe8 23. Bb2 Qg6 24. Bg2 Qh5 25. Rd7 Red8 26. Rxd8+ Rxd8 27. Nd6 Kg8 28.
Nxb7 Rb8 29. Na5 Rc8 30. Nc4 Rd8 31. Ncxe5 Bxe5 32. Nxe5 Bxg2 33. Nxg4 Qxg4 34.
Qc3 Rd4 35. Kxg2 Qh5 36. b5 1-0

[Event "51st World Juniors"]
[Site "Athens GRE"]
[Date "2012.08.10"]
[Round "8.35"]
[White "Wageih, Kareim"]
[Black "Nishant, Malhotra"]
[Result "1-0"]
[WhiteTitle "IM"]
[WhiteElo "2332"]
[BlackElo "2076"]
[WhiteFideId "10604561"]
[BlackFideId "5099129"]
[EventDate "2012.08.02"]

1. d4 Nf6 2. Nf3 g6 3. b3 Bg7 4. Bb2 d5 5. e3 O-O 6. Nbd2 c5 7. dxc5 Qa5 8. Bd4
Nbd7 9. a3 Qc7 10. b4 e5 11. Bb2 e4 12. Nd4 Ne5 13. c4 a5 14. cxd5 Nxd5 15. Qb3
Nf6 16. Nc4 Nxc4 17. Bxc4 Qe5 18. Ne6 Qf5 19. Nxf8 Ng4 20. Qc2 Bxb2 21. Qxb2
axb4 22. Nxg6 hxg6 23. Rd1 Bd7 24. axb4 Ne5 25. Be2 Be6 26. Ra1 Rd8 27. O-O Qg5
28. Rfd1 Nd3 29. Bxd3 exd3 30. Rd2 Bg4 31. f4 Qd5 32. Qd4 Qxd4 33. exd4 Rxd4 34.
Rb1 Kf8 35. g3 Ke7 36. Kf2 Bf5 37. Kf3 Be6 38. Rbb2 Bc4 39. Ke3 Rd5 40. Rd1 Bb5
41. g4 Rd8 42. h4 Kf6 43. Re1 Rh8 44. Rh2 Re8+ 45. Kd2 Ra8 46. Kc3 1-0